Record Details

The Time Traveller's Guide To Elizabethan England

Ian Mortimer (Author).

Record details

  • ISBN: 9780099542070
  • Physical Description: Paperback
  • Publisher: London: Vintage 2013
Subject: England--Social Life And Customs -- 16th Century.

Available copies

  • 1 of 1 copy available at Headquarters.
Location Call Number / Copy Notes Barcode Shelving Location Status Due Date
Teshie Library 201 945.055/MOR 000001859980 920 - Compiled Biographies Available -

No reviews or recommendations are currently available.

Loading shelf browser…

LDR 00620cam a2200205Ka 4500
00182738
003HQ
00520210903130407.0
008070101s xxkc er 0 eng d
020 . ‡a9780099542070
037 . ‡aBook Aid
082 . ‡a945.055/MOR
100 . ‡aIan Mortimer
245 . ‡aThe Time Traveller's Guide To Elizabethan England
260 . ‡aLondon: ‡bVintage ‡c2013
300 . ‡aPaperback
650 . ‡aEngland--Social Life And Customs -- 16th Century.
901 . ‡a82738 ‡bAUTOGEN ‡c82738 ‡tbiblio

Session Timeout

Your session will expire in minutes and seconds.

If you need more time, please click "Continue Session."

Session Ended

Your session has ended. Redirecting to the home page...